[Event "Santiago Entel Cup"]
[Site "Santiago de Chile"]
[Date "2004.03.23"]
[Round "3"]
[White "Rojas Keim, Luis Alberto"]
[Black "Arancibia Guzman, Eduardo"]
[Result "1-0"]
[WhiteElo "2408"]
[BlackElo "2405"]
[Annotator "Psakhis,L"]
[PlyCount "79"]
[EventDate "2004.03.22"]
[EventType "tourn"]
[EventRounds "11"]
[EventCountry "CHI"]
[EventCategory "9"]
[SourceTitle "CBM 100"]
[Source "ChessBase"]
[SourceDate "2004.06.01"]
[SourceVersion "1"]
[SourceVersionDate "2004.06.01"]
[SourceQuality "1"]

1. e4 e6 2. d4 d5 3. e5 c5 4. c3 Nc6 5. Nf3 Bd7 6. Be2 f6 7. O-O fxe5 8. Nxe5
Nxe5 9. dxe5 Qc7 10. Re1 Ne7 (10... Bc6 11. Bg4 Qf7 12. a3 Ne7 13. Nd2 h5 14.
Be2 g5 15. b4 $36 {1-0 Rubio Doblas,F-Nava Baro,E/Equipos Preferente 1999 (29)}
) 11. Na3 $5 $146 (11. Bh5+ g6 12. Bg5 Bg7 13. Bf6 Kf7 14. Bxg7 Kxg7 15. Qg4
Raf8 16. Qg5 Rf7 17. Nd2 Rhf8 18. Nf3 Bc8 19. Bg4 Rf4 20. Bh3 h6 21. Qg3 Rxf3
22. gxf3 g5 23. Kh1 Ng6 24. Bg4 b6 25. Re3 Rf4 {Westerinen,H-Becerra Rivero,J/
Benasque 1997 0-1 (35)}) (11. c4 d4 12. Bf4 h6 13. Nd2 O-O-O 14. Ne4 Nf5 15.
Bg4 g5 16. Bd2 Be7 17. b4 Rdg8 18. bxc5 Bxc5 19. Rb1 Kb8 20. Qb3 Bc8 21. Bb4
Bxb4 22. Qxb4 Ne7 23. Nc5 Ka8 24. Bxe6 b6 25. Bxc8 Rxc8 {Milnes-Corfield/corr
1992/1-0 (43)}) (11. Bf4 g6 12. Bd3 Bg7 13. g4 h6 14. Nd2 O-O-O 15. Qe2 g5 16.
Bg3 Be8 17. f4 gxf4 18. Bxf4 Bg6 19. Bxg6 Nxg6 $17 {0-1 Boey,J-Van Ketel,R/
Gent op 1994 (30)}) 11... a6 ({Worth considering} 11... O-O-O $5 12. Nb5 $140
Bxb5 13. Bxb5 c4 {and White can pretend just for small advantage.}) 12. c4 $1
d4 13. Bd3 O-O-O {I don't like this move, because queen side will not be safe
for black monarch's health!} (13... Nf5 $5 14. Bxf5 $140 (14. Bg5 $5) 14...
exf5 15. e6 Bc6 16. e7 (16. Bg5 Be7 17. Qh5+ g6 18. Qh4 h6 19. Bf6 Qd8 $1 20.
Bxe7 Qxe7 $15 {[%csl Ra3,Gc6]}) 16... Bxe7 17. Bg5 Be4 18. Bxe7 Qxe7 19. f3 O-O
$132) 14. Nc2 Nc6 15. Qh5 {Strange move} (15. Bg5 $142 $5 Re8 16. Qh5 $14)
15... Be7 (15... g6 $5 16. Qe2 (16. Bxg6 Nxe5 $1 17. Be4 (17. Rxe5 Bd6 18. Rxc5
Qxc5 19. Qxc5+ Bxc5 20. Bd3 e5 $17) 17... Bd6 $132) 16... Bg7 17. Bf4 Rdf8 {
with nice position for Black}) 16. Bd2 g6 17. Qe2 g5 18. a3 h5 {Beggining of
counterplay on the king side.} 19. b4 g4 {The game scenario is clear now:
White is attacking on the queen side and Black is doing the same on the king's
side Who has an edge?} 20. b5 {It looks that White chances are clearly better
and black's king in serious danger.} Nb8 21. Rab1 Rdg8 22. Be4 {[%csl Gb1,Ge4]}
a5 {An optional alternative demonstrates that White's threats are serious:} (
22... h4 23. bxa6 bxa6 24. Rb7 Qxe5 25. Ra7 $1 {[%cal Re4b7]} Qd6 26. Nxd4 $1
cxd4 27. c5 $40) 23. b6 {[%csl Gb6]} Qd8 24. Bxa5 Nc6 (24... Bc6 $5) 25. Bd2 h4
26. a4 {[%cal Ra4a6]} Rh5 {[%csl Re5] Attacking pawn e5- only weakness in
white camp.} (26... g3 $5) 27. Bf4 Qf8 28. Qd2 Bg5 (28... Qf7 $5 {[%cal Gg8f8]}
) 29. Bxg5 Rgxg5 30. Rb5 $6 {Just losing time! After simple and logical} (30.
a5 Rxe5 31. a6 bxa6 32. b7+ Kb8 (32... Kc7 33. Bxc6 $18) 33. Rb6 $1 $16 {
I don't believe than black king will survive for a long time.}) 30... Rxe5 31.
Bxc6 (31. Ra5 $5 Nxa5 (31... Kb8 $2 32. Bxc6 Bxc6 33. Ra8+ Kxa8 34. Qa5+ $18)
32. Qxa5 Kd8 33. Bxb7 Rxe1+ 34. Nxe1 Ke7 $132) 31... Bxc6 32. Ra5 Qd6 (32...
Rxe1+ $142 33. Qxe1 Qh6 $1 $15 {[%csl Rc2,Gc6,Gh6]}) 33. Rxe5 Rxe5 $2 {[%mdl
16384] Black misses a wonderful opportunity of punishing White for his
carelessness. After} (33... Qxe5 34. Nxd4 $1 Qd6 $1 35. Nb3 Qxd2 36. Nxd2 Kd7
$13 {black's chances are not worse, thanks to active pieces.}) 34. Qh6 $1 $18 {
[%csl Rc8] Rojas immediately begins an offensive against Black's weak king.}
Rf5 $8 35. Ra8+ Kd7 36. Qh8 $6 {Cowardice does not win games!} ({White missed
a very good oportunity to win game quickly after} 36. Nxd4 $142 $1 cxd4 37.
Qg7+ Qe7 38. Qxd4+ Bd5 39. Rb8 Qd6 40. Qg7+ Qe7 41. cxd5 $1 $18) 36... Ke7 37.
Qxh4+ Rf6 38. Qxg4 Qf4 39. Qxf4 Rxf4 40. a5 $2 {Serious mistake!} (40. a5 d3
$132) (40. Kf1 $142 $1 d3 $140 41. Ne3 d2 42. Ke2 $18) 1-0

[Event "USA-ch G2"]
[Site "Chandler"]
[Date "1997.08.31"]
[Round "7"]
[White "Shabalov, Alexander"]
[Black "Seirawan, Yasser"]
[Result "0-1"]
[WhiteElo "2585"]
[BlackElo "2630"]
[Annotator "Psakhis,L"]
[PlyCount "94"]
[EventDate "1997.08.23"]
[EventType "tourn"]
[EventRounds "7"]
[EventCountry "USA"]
[EventCategory "13"]
[SourceTitle "CBM 061"]
[Source "ChessBase"]
[SourceDate "1997.11.23"]
[SourceVersion "1"]
[SourceVersionDate "1997.11.23"]
[SourceQuality "1"]

1. e4 e6 2. d4 d5 3. e5 b6 4. Bb5+ c6 5. Ba4 b5 (5... Ba6 6. Ne2 Qh4 7. Be3 Ne7
8. Ng3 Ng6 9. Nd2 Nxe5 10. Nde4 dxe4 11. dxe5 b5 12. Bb3 Bb7 13. Qd2 Be7 14.
O-O-O O-O 15. c4 bxc4 16. Bxc4 c5 17. Bb5 a6 18. Ba4 Bd5 19. Nf5 exf5 20. Qxd5
Ra7 21. g3 Qh5 22. h4 Qg6 {1/2-1/2 Sepp,O-Tibensky,R/EUCup Gr3 Lubniewice 1994/
CBM 45}) 6. Bb3 c5 7. c3 Ne7 (7... Nc6 8. Nf3 Qb6 9. O-O cxd4 10. cxd4 Nge7 11.
Nc3 Ba6 12. Be3 h6 13. Rc1 Na5 14. Bc2 Nec6 15. Nh4 Qd8 16. g3 Be7 17. Ng2 Nc4
18. Nf4 Bg5 19. b3 Nxe3 20. fxe3 b4 21. Nce2 Rc8 22. Bd3 {Olesen,M-Hove,E/
Copenhagen-ch 1996/EXP 51/0-1 (51)}) 8. Nf3 Nec6 9. O-O h6 $5 10. Be3 Nd7 11.
Nbd2 c4 (11... Bb7 $5 12. a4 b4) 12. Bc2 b4 13. Ba4 $5 Qc7 14. cxb4 (14. Rc1
Nb6) 14... Nxb4 15. a3 Nd3 (15... Nc6) 16. Qc2 (16. b4 Nb2 17. Qc2 Nxa4 18.
Qxa4 Be7 $13) 16... Ba6 (16... Rb8 17. b3) 17. b3 (17. Ne1 Qb7 18. b3 Rc8 $132)
17... Be7 (17... c3 $5 18. Nb1 Rc8 {[%cal Yd3b2]} 19. b4 $140 Nxb4 $1 20. axb4
Bxf1 21. Kxf1 Bxb4) 18. bxc4 dxc4 $13 19. Bxd7+ Kxd7 $1 (19... Qxd7 $2 20. Nxc4
Rc8 21. Nfd2 $16) 20. d5 $6 (20. Qc3 $5 Rab8 21. Ra2 Rhc8 $15) 20... exd5 21.
Nd4 Kc8 22. f4 Rb8 $17 {[%csl Gd3][%cal Rb8b2,Yc8b7,Yb7a8]} 23. Rab1 Rb6 24.
Kh1 (24. Nf5 Bc5) 24... Bc5 25. N2f3 Kb7 $1 26. e6 Ka8 27. f5 Rhb8 28. Rxb6
Rxb6 29. Qa4 f6 $5 (29... Qe7 $5) 30. h3 c3 $1 31. Qa5 Ne5 $6 {Stronger was} (
31... Nf2+ $1 32. Bxf2 (32. Rxf2 Rb1+) 32... Bxf1 33. Qxc3 Ba6 $19) 32. Re1 $2
(32. Rc1 $5 Nxf3 33. gxf3) 32... Nxf3 33. Nxf3 (33. gxf3 $2 Qg3 34. Qxc3 Qxh3+
35. Kg1 Bd6 $1 36. Qd2 Rb2 $1 37. Nc2 (37. Qxb2 Qg3+ 38. Kh1 Qh4+ $1 39. Kg1
Qxe1+ 40. Kg2 Qf1#) 37... Rxc2 38. Qxd5+ Bb7 $19) 33... Bxe3 34. Qxd5+ (34.
Rxe3 Rb1+) 34... Rb7 (34... Bb7 35. e7 $1 Bxd5 (35... Qxe7 $2 36. Qg8+ Bc8 37.
Qxc8+ Rb8 38. Qxc3 Re8 39. Nd4 $1 $18) 36. e8=Q+ Rb8 37. Qxe3 c2 $17) 35. Nd4
Qg3 36. Nf3 Qc7 (36... c2 37. e7) 37. Nd4 c2 $1 (37... Qe5 $5 38. Qc6 $1 (38.
Qxe5 fxe5 39. e7 Rxe7 40. Rxe3 exd4 41. Rxe7 c2 $19)) (37... Bxd4 $2 38. e7 $18
) 38. Nxc2 Bc5 $19 39. Nb4 (39. Nd4 Qd6 40. Qf3 $5 Qxd4 41. Rd1 Bd3 $1 42. Qxd3
(42. Rxd3 $2 Qg1#) 42... Qxd3 43. Rxd3 Kb8 $19) 39... Bxb4 40. axb4 Qe7 41. Rd1
Bb5 42. Qf3 Kb8 43. Qf4+ (43. Qd5 a6) 43... Rc7 44. Rd6 (44. Rc1 Kc8) 44... Kc8
45. Qd2 Rc4 46. Qd5 $6 Rc1+ 47. Kh2 Kc7 {[%csl Rd6]} 0-1

[Event "EU-chT (Men) 11th"]
[Site "Pula"]
[Date "1997.05.??"]
[Round "4.1"]
[White "Rozentalis, Eduardas"]
[Black "Stanec, Nikolaus"]
[Result "1-0"]
[WhiteElo "2650"]
[BlackElo "2460"]
[Annotator "Psakhis,L"]
[PlyCount "63"]
[EventDate "1997.05.05"]
[EventType "team-swiss"]
[EventRounds "9"]
[EventCountry "CRO"]
[SourceTitle "CBM 057 Extra"]
[Source "ChessBase"]
[SourceDate "1997.05.01"]
[SourceVersion "1"]
[SourceVersionDate "1997.05.01"]
[SourceQuality "1"]
[WhiteTeam "Lithuania"]
[BlackTeam "Austria"]
[WhiteTeamCountry "LTU"]
[BlackTeamCountry "AUT"]

1. e4 c5 2. Nf3 Nc6 3. c3 e6 4. d4 d5 5. e5 Qb6 6. Be2 Bd7 7. dxc5 $5 {Rare
and very interesting move.} (7. O-O Rc8 $5 (7... Nh6 8. dxc5 Bxc5 9. b4 Be7 10.
Bf4 f6 11. exf6 Bxf6 12. b5 Ne7 13. a4 {1/2-1/2 Timman,J-Piket,J/Donner mem-A
1994}) 8. dxc5 Bxc5 9. b4 Bf8 10. Bd3 Nge7 11. Bf4 Ng6 12. Bg3 Be7 13. h4 f6
14. exf6 Bxf6 15. b5 Na5 16. h5 Ne7 17. a4 O-O $132 {0-1 Castro-Kortchnoi,V/
Linares i 1979 (44)}) 7... Bxc5 8. O-O a5 9. c4 $1 {[%cal Yb1c3] N/} (9. a4
Nge7 10. Bd3 Ng6 11. Qe2 O-O 12. h4 Qd8 13. h5 Nh4 14. Ng5 Nf5 15. Bxf5 exf5
16. e6 fxe6 17. Nxe6 Qe7 $17 {0-1 Quaderer-Al Affoo/Moscow olm 1994 (23)}) 9...
Nge7 (9... d4 10. Nbd2 Nge7 11. Bd3 Ng6 12. Re1 $14) 10. Nc3 Nd4 (10... d4 $5
11. Na4 (11. Ne4 Ng6) 11... Qa7 12. Nxc5 (12. b3 $5 b6) 12... Qxc5 13. b3 a4 $5
14. Bb2 Nf5 15. g4 $140 a3 $1 $13) (10... Bd4 $6 11. Nb5 Bxe5 12. Be3 Qd8 13.
Nxe5 Nxe5 14. Nd6+ Kf8 15. cxd5 Nxd5 16. Bc5 $16) 11. cxd5 Nxd5 12. Ng5 {
[%cal Yg5e4]} (12. Bd3) 12... h6 13. Nge4 Nxe2+ 14. Qxe2 Nxc3 15. bxc3 Bc6 16.
Nd6+ (16. Bf4 $5 Bxe4 (16... O-O $2 17. Rab1 Qa7 18. Nf6+ $2 gxf6 (18... Kh8
19. Qh5 $18) 19. Bxh6 f5 (19... Kh7 20. Qh5 Rh8 21. exf6 $18) 20. Qh5 Be7 21.
Rfe1 $1 Rfd8 22. Re3 $18) 17. Qxe4 Qc6 18. Qxc6+ bxc6 19. Rab1 $14 {[%cal
Rb1b7]}) 16... Bxd6 17. exd6 $14 {[%csl Gd6]} Qc5 18. Rd1 O-O 19. Be3 (19. Qg4
Qf5 20. Qg3 $36) 19... Qe5 (19... Qxc3 20. Bd4 Qa3 21. Rd3 (21. Qe5 f6 22.
Qxe6+ Rf7 $13) 21... Qxd6 22. Bxg7 Qxd3 (22... Bb5 23. Rxd6 Bxe2 24. Bxf8 Kxf8
25. Rc1 $16) 23. Qxd3 Kxg7 24. Rd1 $14) 20. c4 a4 21. Rab1 (21. Qg4 $5) 21...
a3 22. Qg4 h5 (22... f5 $5 23. Qd4 (23. Bf4 Qb2 $1 (23... fxg4 24. Bxe5 $16)
24. Qg3 Qxa2 25. Bxh6 Rf7) 23... Qxd4 24. Bxd4 $16) 23. Qg3 Qe4 (23... Qxg3 24.
hxg3 Rfd8 25. c5 Kf8 26. Rb6 $16 Bd5 27. Rd2 (27. Rxd5 exd5 28. Rxb7 Rdb8 29.
Rxb8+ Rxb8 30. c6 Ke8)) 24. Bh6 (24. Rbc1 $5 $16) (24. Bb6 $1) 24... Qh7 25.
Be3 Qc2 26. Bb6 $1 Qxa2 27. d7 Rad8 (27... Bxd7 28. Ra1 Qxc4 29. Rxd7 $16) (
27... Rfd8 28. Bd4 f6 29. Ra1 $1 Qxc4 30. Bxf6 Qg4 31. Qxg4 hxg4 32. Bxd8 Rxd8
33. Rxa3 $18) 28. Bc5 $1 (28. Bxd8 Rxd8 29. Qc7 $2 Rxd7) 28... Rxd7 $6 (28...
Bxd7 $1 29. Bxf8 Rxf8 30. Ra1 Qb2 31. Rxa3 Bc6 $16) 29. Bxf8 Kxf8 30. Qb8+ Ke7
31. Rxd7+ Bxd7 32. Rd1 (32. Rd1 Qxc4 33. Qd6+ Kf6 34. Qxd7 b5 35. Qd2 b4 36.
Rc1 Qe4 37. f3 Qe5 38. Rb1 $18) 1-0

[Event "WchT 4th"]
[Site "Luzern"]
[Date "1997.11.02"]
[Round "9.2"]
[White "Adams, Michael"]
[Black "Vaganian, Rafael A"]
[Result "1/2-1/2"]
[WhiteElo "2680"]
[BlackElo "2640"]
[Annotator "Psakhis,L"]
[PlyCount "59"]
[EventDate "1997.10.25"]
[EventType "team-tourn"]
[EventRounds "9"]
[EventCountry "SUI"]
[SourceTitle "CBM 062"]
[Source "ChessBase"]
[SourceDate "1998.01.31"]
[SourceVersion "1"]
[SourceVersionDate "1998.01.31"]
[SourceQuality "1"]
[WhiteTeam "England"]
[BlackTeam "Armenia"]
[WhiteTeamCountry "ENG"]
[BlackTeamCountry "ARM"]

1. e4 e6 2. d4 d5 3. e5 c5 4. c3 Nc6 5. Nf3 Nh6 6. Bd3 cxd4 7. cxd4 Nf5 8. Bxf5
exf5 9. Nc3 Be6 10. Ne2 h6 11. h4 g6 $1 {Best, according to modern theory ,
move. Lputian tryed 11....Qa5, but without big success} (11... Qa5+ 12. Kf1 Be7
13. Kg1 Rc8 14. Nf4 g6 15. a3 Qb6 16. b4 a5 17. Rb1 axb4 18. axb4 Na7 19. b5
Rc4 20. Rh3 Rb4 21. Rxb4 Bxb4 22. Rg3 Kd7 23. Nxe6 Kxe6 24. Bd2 Qxb5 25. h5
Bxd2 26. Nxd2 {Adams,M-Lputian,S/EU-chTM 1997/EXP 571-0 (41)}) 12. Bd2 {
N/ Adams ( as and Vaganian) big expert in that line and he is trying to avoid
main line (12.Nf4) where White hadn,t big achievements last year.For example} (
12. Nf4 Qb6 13. g3 (13. a3 a5 14. O-O Be7 15. Be3 g5 16. Nxe6 fxe6 17. hxg5
hxg5 18. Nxg5 Bxg5 19. Bxg5 Qxd4 $11 {Chuprov,A-Mesropov,K/RUS-chT 1993/EXT 97/
1/2-1/2 (47)}) (13. Kf1 O-O-O 14. Kg1 Kb8 15. Rh3 Rc8 16. Rg3 Rg8 17. a3 Na5
18. b4 Nc4 $15 {1/2-1/2 Bezman,O-Ovchinikova,J/RUS-sf Perm 1997 (35)}) 13...
Be7 14. Kf1 O-O-O (14... Kd7 15. Kg2 Rag8 16. Nd3 Kc8 17. Be3 f4 18. Nxf4 Qxb2
19. Nxe6 fxe6 20. a4 Qb6 $13 {0-1 Zifroni,D-Soffer,R/Tel Aviv 1995 (50)}) 15.
Kg2 Rdg8 16. Qd3 Qd8 17. Bd2 g5 18. hxg5 hxg5 19. Nxe6 fxe6 20. Rac1 Kb8 21.
Bc3 g4 $15 {0-1 Vatter,H-Poldauf,D/BL9394 1994/BL 90 (35)}) 12... Qb6 13. Rb1 {
[%cal Yb2b4]} a5 $1 14. Kf1 (14. a3 a4) 14... Be7 15. Kg1 Kd7 $1 {Natural and
strong move. King will fill very comfortable in the centre of the board.} 16.
a3 Qa6 (16... a4) 17. Be3 (17. b4 $5 axb4 18. axb4) 17... a4 18. Nf4 g5 $5 {
Interesting pawn sacrifice} 19. hxg5 hxg5 20. Rxh8 Rxh8 21. Nxe6 fxe6 22. Bxg5
{I think last chance to fight for advantage was to play} (22. Nxg5 Bxg5 23.
Bxg5 Qa7 24. Be3) 22... Bxg5 23. Nxg5 Rh4 $1 24. Nf3 Rg4 $44 {[%csl Gc6,Rd4,
Rg2,Gg4]} 25. b3 axb3 26. Rxb3 Kc8 27. Qc1 (27. Qd3 Qa4 $5 (27... Qc4 28. Rc3
$1 (28. Qxc4 $2 dxc4 29. Rc3 b5 30. a4 Nxd4 31. Nxd4 Rxd4 32. axb5 Kc7))) 27...
Qe2 28. Re3 Qb5 29. Qc2 Qb6 30. Rb3 1/2-1/2

[Event "EU-ch 4th"]
[Site "Istanbul"]
[Date "2003.06.08"]
[Round "9"]
[White "Cherniaev, Alexander"]
[Black "Dzhakaev, Dzhakay"]
[Result "0-1"]
[WhiteElo "2501"]
[BlackElo "2465"]
[Annotator "Psakhis,L"]
[PlyCount "68"]
[EventDate "2003.05.30"]
[EventType "swiss"]
[EventRounds "13"]
[EventCountry "TUR"]
[SourceTitle "CBM 096"]
[Source "ChessBase"]
[SourceDate "2003.09.25"]
[SourceVersion "1"]
[SourceVersionDate "2003.09.25"]
[SourceQuality "1"]

1. e4 e6 2. d4 d5 3. e5 c5 4. c3 Nc6 5. Nf3 Bd7 6. Be2 Nge7 7. Na3 cxd4 8. cxd4
Nf5 9. Nc2 Qb6 10. O-O a5 ({Worth considering} 10... Na5 $5 {[%cal Gd7b5] with
typical idea to exhange light-coloured bishops with possible continuation} 11.
g4 Ne7 12. Nfe1 Bb5 13. Nd3 h5 14. gxh5 Nf5 15. Be3 Rc8 16. b3 Nc6 17. Rc1 a5
18. Qd2 Be7 $13 {1/2-1/2 Bergstrom,R-Kiriakov,P/Port Erin op 2000/ (44)}) 11.
Kh1 (11. g4 Nfe7 12. Nh4 Ng6 13. Ng2 f6 14. exf6 gxf6 15. Kh1 Bg7 16. f4 f5 17.
gxf5 exf5 18. Be3 Rc8 19. b3 O-O 20. Bf3 Nce7 $11 {0-1 Howell,D-Rahman,Z/
BCF-ch Edinburgh 2003/ (43)}) 11... Nb4 (11... h5 12. Bd3 Be7 13. Bxf5 exf5 14.
Bg5 Qxb2 15. Rb1 Qxa2 16. Rxb7 Nd8 $132 {Gwaze,R-Summerscale,A/BCF-ch Edinburgh
}) 12. Ne3 Be7 $5 {Possible improvement compare to the game Grischuk,
A-Gurevich,M/Esbjerg 2000 which continue} (12... Rc8 13. Nxf5 exf5 14. Bd2 Be7
15. a3 Nc6 16. Bc3 O-O 17. Qd2 Ra8 $5 18. Ne1 Rfb8 19. Nc2 g6 20. Ne3 Be6 21.
f4 $14 {and Blacl lost a lot of time for rook moves.}) 13. Nxf5 exf5 14. Bd2
O-O 15. a3 $5 $146 (15. Bc3 $143 Bb5 16. a3 Bxe2 17. Qxe2 Nc6 18. e6 Bf6 19.
exf7+ Kxf7 $11 {1/2-1/2 Predojevic,B-Galyas,M/Budapest-7 IM-A 2002/ (20)})
15... Nc6 16. Bc3 Rfb8 {[%cal Gb7b5]} 17. Qd2 Qd8 18. b3 Rc8 (18... b5 19. Bb2
b4 20. a4 {with stable advantage.}) 19. Bd3 ({The following deserves
consideration} 19. b4 axb4 20. axb4 {[%cal Gb4b5]} b5 $5 21. Rfc1 $14) 19... g6
20. Rfe1 Be6 21. Reb1 (21. Qb2 $5 {[%cal Gc3d2]}) 21... Qf8 22. Bb2 (22. Qb2 $5
) 22... Qd8 23. Bc1 Bf8 {Maybe White has very small advantage, but he really
needs to invest a very big effort to get something real.} (23... f6 $13) 24. h4
$2 {[%mdl 8192] An attempt to launch an attack, which is easily suppressed by
black.} (24. Qb2 {[%cal Gc1g5]} h6) (24. Kg1 $5 {[%cal Gh2h4]}) 24... Nxd4 $1 {
Easy refutation!} 25. Ng5 $8 (25. Nxd4 $2 Qxh4+ 26. Kg1 Qxd4 $19) 25... h6 26.
Qb2 Bc5 (26... hxg5 $5 27. Qxd4 Bc5 28. Qb2 gxh4 $19) 27. b4 axb4 28. axb4 Rxa1
29. Rxa1 Bb6 {White has lost simply two pawns without getting anything for
them!} 30. Nh3 (30. Be3 $5 Nb3 $1 (30... hxg5 31. Bxd4 gxh4 {and black, winnng
two pawns, slowly and surely must win game.}) 31. Bxb6 (31. Qxb3 Bxe3 32. fxe3
hxg5 $19) 31... Qxb6 32. Nxe6 Nxa1 33. Nf4 Nb3 $1 34. Nxd5 (34. Qxb3 Rc1+ 35.
Kh2 Qxf2 36. Nh3 Qd4 $19) 34... Qd8 35. Nf6+ Kg7 36. Qxb3 Rc1+ 37. Kh2 Qd4 $19
{[%cal Rd4h4,Rd4f2]}) 30... Qxh4 31. Be3 (31. Bf4 Nc6) 31... f4 $1 32. Bxd4 (
32. Bxf4 Bxh3 33. Bg3 Qh5) 32... f3 $19 {Rest is simple.} 33. Bxb6 Bxh3 34.
gxf3 Bg4+ (34... Bg4+ 35. Kg2 Qh3+ 36. Kg1 Bxf3) 0-1

[Event "EU-ch 4th"]
[Site "Istanbul"]
[Date "2003.06.03"]
[Round "5"]
[White "Potkin, Vladimir"]
[Black "Hug, Werner"]
[Result "1/2-1/2"]
[WhiteElo "2522"]
[BlackElo "2453"]
[Annotator "Psakhis,L"]
[PlyCount "55"]
[EventDate "2003.05.30"]
[EventType "swiss"]
[EventRounds "13"]
[EventCountry "TUR"]
[SourceTitle "CBM 096"]
[Source "ChessBase"]
[SourceDate "2003.09.25"]
[SourceVersion "1"]
[SourceVersionDate "2003.09.25"]
[SourceQuality "1"]

1. e4 e6 2. d4 d5 3. e5 c5 4. c3 Nc6 5. Nf3 Qb6 6. a3 Nh6 7. b4 cxd4 8. cxd4
Nf5 9. Bb2 Bd7 10. g4 Nfe7 (10... Nh6 11. h3 Be7 12. Bd3 Rc8 13. Nbd2 Nb8 14.
Qe2 a6 15. Nb1 $5 {[%cal Gb1c3]} Nc6 16. O-O O-O 17. Nc3 Nxd4 $6 18. Nxd4 Qxd4
19. Ne4 Qb6 20. Nf6+ $1 $40 {1-0 Timman,J-Hansen,C/Malmoe Sigeman & Co 2003 
(41)}) 11. Nc3 Na5 12. Nd2 Rc8 13. Rc1 Ng6 ({Also Black tried} 13... h5 $5 14.
Rc2 Nc4 15. Bxc4 dxc4 16. Nce4 Nd5 17. Nxc4 Rxc4 $5 18. Rxc4 a5 19. O-O axb4
20. axb4 Qd8 $132 {with very complicated position.}) 14. h4 Be7 15. g5 O-O $5
$146 {Interesting novelty.} ({Black didn't equalized after} 15... h6 16. gxh6
Rxh6 17. h5 Nh4 18. Qg4 Nf5 19. Bd3 Bf8 20. Ne2 $14 {Grischuk,A-Radjabov,T/
Wijk aan Zee-A 2003/ (99)}) 16. Rg1 ({In the case of} 16. Qg4 {[%cal Rh4h5]
Black possibly will sacrifice bishop -} Bxb4 $5 17. axb4 Qxb4 18. Rb1 (18. Ba1
Nxe5 $132) 18... Rxc3 19. Bxc3 Qxc3 20. h5 Ne7 $13 {with unclear position}) ({
Interesting complications could be raised after} 16. h5 Nf4 17. h6 g6 {for
example:} (17... Qxd4 18. hxg7 Qxe5+ (18... Rfd8 $5) 19. Nce4 $1 Qxb2 20.
gxf8=Q+ Rxf8 21. bxa5 dxe4 $132) 18. Qf3 Qxd4 19. Nd1 (19. bxa5 Bxg5 $36) 19...
Qxb2 $1 20. Nxb2 Rxc1+ 21. Nd1 Ba4 $1 22. Be2 (22. Qxf4 Bxd1 23. Ne4 Nb3 $19)
22... Nxe2 23. Kxe2 Nc6 $17) 16... Nxh4 {At least, very brave move.} 17. Bd3 ({
In the case of} 17. Qh5 {Black has nice choice between} Nf5 ({and} 17... Qxd4
18. Nd1 (18. bxa5 Qxe5+ 19. Kd1 d4 $36 20. Bd3 $142 $6 g6 $17) 18... Qxb2 (
18... Qf4 19. Rxc8 Nb3 $1 20. Nxb3 Nf3+ 21. Qxf3 $8 Qxf3 22. Rc7 $14) 19. Nxb2
Rxc1+ 20. Nd1 Ba4 $132) 18. Rh1 h6 19. gxh6 g6 20. Qg4 Kh7 $132) 17... g6 (
17... Ng6 18. Qg4 $13 {[%cal Gc3d5]}) 18. Qg4 Nf5 19. Bxf5 ({Black has nothing
to worry about and after} 19. Rh1 Nxd4 $5 (19... Qxd4 20. Bxf5 Qxe5+ 21. Be4 $8
dxe4 22. Qh3 h5 23. gxh6 Nc6 $132) 20. Qh3 h5 21. gxh6 Bg5 $132 {[%csl Gb6,Gd4,
Gg5]}) 19... exf5 20. Qh4 Rfe8 $5 {[%mdl 448]} (20... h5 21. Nxd5 Qe6 22. Nxe7+
Qxe7 23. bxa5 $18) 21. Nxd5 (21. Rh1 h5) ({It is not so easy correctly assess
positions araising after} 21. Rc2 $5 {for example} Rxc3 22. bxa5 (22. Bxc3 Nc6
$44) 22... Rxc2 23. axb6 Rxb2 24. bxa7 Be6 $5 $132 (24... Ra8 25. e6 $5 Bxe6
26. Qh2) (24... Ra2 25. Nb1 Ra8)) 21... Rxc1+ 22. Bxc1 Qc6 {[%cal Rc6c1,Rc6d5]}
23. Nxe7+ $8 Rxe7 24. Bb2 {What else -} (24. Kd1 Qc3 {gives at least equal
chances to Black.}) 24... Qc2 25. Rh1 f6 $1 26. gxf6 Rf7 {Black's position
looks terrible, but in reality, it is White who find himself in troubles!} 27.
d5 $8 {[%cal Ge5e6]} (27. bxa5 Qxb2 $19) 27... Ba4 $1 (27... Qxb2 $2 28. e6
Qc1+ 29. Ke2 Bb5+ 30. Kf3 Qxd2 31. exf7+ Kf8 32. bxa5 Qxd5+ (32... Qd3+ 33. Kf4
) 33. Kg3 Qd3+ 34. f3 Qd6+ 35. Qf4 $18) 28. Kf1 $8 ({At this moment opponets
made draw agreement, but it looks that Hug could continue game -} 28. Kf1 Qxd2
(28... Qd1+ $5 29. Kg2 Qxd2 30. Qd4 Qg5+ 31. Kh2 Nb3) 29. Qd4 Bb5+ 30. Kg2 Qg5+
31. Kh2 Nb3 $17 {with good chances for advantage}) 1/2-1/2